Top 100 Biggest Cities in Namibia - Statistics

General Stats
  • This quiz has been taken 29 times
  • The average score is 11 of 100
Answer Stats
# City Population % Correct
1 Windhoek 431,000
100%
3 Walvis Bay 62,096
56%
5 Swakopmund 44,725
40%
21 Lüderitz 12,537
36%
2 Rundu 63,431
36%
11 Grootfontein 23,793
32%
22 Mariental 12,478
28%
8 Rehoboth 28,843
24%
46 Karasburg 4,401
20%
37 Karibib 5,132
20%
9 Katima Mulilo 28,362
20%
28 Khorixas 6,796
20%
16 Opuwo 20,000
20%
50 Oranjemund 3,908
20%
18 Tsumeb 19,275
20%
85 Aus 1,066
16%
T67 Bethanie 2,000
16%
19 Gobabis 19,101
16%
42 Henties Bay 4,720
16%
32 Maltahöhe 6,000
16%
13 Okahandja 22,639
16%
6 Oshakati 36,451
16%
35 Otavi 5,242
16%
10 Otjiwarongo 28,249
16%
24 Outjo 8,445
16%
59 Rosh Pinah 2,835
16%
54 Usakos 3,583
16%
94 Ariamsvlei 600
12%
T38 Aroab 5,000
12%
T67 Bagani 2,000
12%
33 Eenhana 5,528
12%
31 Kamanjab 6,012
12%
14 Ketmanshoop 20,977
12%
75 Koës 1,530
12%
43 Okakarara 4,709
12%
30 Omaruru 6,300
12%
12 Ondangwa 22,822
12%
29 Outapi 6,437
12%
53 Uis 3,600
12%
36 Arandis 5,214
8%
52 Aranos 3,683
8%
T95 Bukalo 500
8%
34 Divundu 5,430
8%
T91 Fransfontein 700
8%
61 Gibeon 2,631
8%
83 Gochas 1,163
8%
97 Grünau 400
8%
T55 Hoachanas 3,000
8%
T38 Kalkfeld 5,000
8%
79 Kalkrand 1,238
8%
T47 Noordoewer 4,000
8%
74 Okahao 1,665
8%
72 Okamatapati 1,900
8%
62 Okongo 2,236
8%
51 Omuthiya 3,794
8%
15 Ongwediva 20,260
8%
T55 Osire 3,000
8%
T63 Otjinene 2,102
8%
58 Ruacana 2,985
8%
27 Sesfontein 7,358
8%
71 Stampriet 1,947
8%
T67 Tses 2,000
8%
73 Witvlei 1,768
8%
7 Aussenkehr <30,000
4%
T38 Berseba 5,000
4%
98 Blouwes 300
4%
84 Eheke 1,150
4%
17 Helao Nafidi 19,375
4%
T47 Kangongo 4,000
4%
82 Leonardo 1,191
4%
93 Nkurenkuru 618
4%
T44 Okatana 4,500
4%
23 Omatjette 12,000
4%
60 Oshikuku 2,761
4%
T76 Schlip 1,500
4%
T86 Snyfontein 1,000
4%
89 Tsandi 891
4%
T80 Warmbad 1,200
4%
99 Dolfynstrand 100s
0%
T76 Dordabis 1,500
0%
T63 Eiseb 2,102
0%
T55 Ekuku 3,000
0%
88 Etomba 900
0%
100 Khauxas 80
0%
41 King Kauluma Village 4,800
0%
66 Lisikili >2,000
0%
90 Luhonono 800
0%
65 Oikango 2,087
0%
T76 Okamule 1,500
0%
T25 Okauva 8,000
0%
T95 Okazapamba 500
0%
4 Olupandu 50,000
0%
T67 Omashekediva 2,000
0%
T80 Omitara 1,200
0%
20 Onayena 15,000
0%
T86 Onhokolo 1,000
0%
T25 Oshikango 8,000
0%
T44 Oshindobe 4,500
0%
T47 Tsintsabis 4,000
0%
T91 Utuseb 700
0%
No matching quizzes found
Score Distribution
Percent of People with Each Score
Percentile by Number Answered
Your Score History
You have not taken this quiz